banner-ar

فلاح مصر عبر التاريخ / (Record no. 35344)

MARC details
000 -الفاتح
حقل البيانات ثابتة الطول 00738nam a2200229Ia 4500
008 - عناصر البيانات ثابتة الطول - معلومات عامة
حقل البيانات ثابتة الطول 140319s9999 xx 000 0 ara d
040 ## - مصدر الفهرسة
وكالة الفهرسة الأصلية GCL /
وكالة النسخ GCL
082 04 - رقم تصنيف ديوى العشرى
رقم التصنيف 301.35
رقم المادة م ف
100 1# - المدخل الرئيسى - إسم شخصى
الإسم الشخصى محمد السيد ايوب
245 10 - بيان العنوان
العنوان فلاح مصر عبر التاريخ /
بيان المسئوليه,etc محمد السيد ايوب
260 ## - PUBLICATION, DISTRIBUTION, ETC. (IMPRINT)
تاريخ النشر أو التوزيع 1986
300 ## - الوصف المادى
التعداد 311 ص
490 ## - بيان السلسلة
عنوان السلسلة كتاب التعاون
رقم المجلد/ التعيين التسلسلي 0
650 04 - المدخل الاضافى بالموضوع-مصطلح موضوعى
مصطلح موضوعي مصر
650 04 - المدخل الاضافى بالموضوع-مصطلح موضوعى
مصطلح موضوعي الاحوال الاجتماعية
650 04 - المدخل الاضافى بالموضوع-مصطلح موضوعى
مصطلح موضوعي العادات والتقاليد
650 04 - المدخل الاضافى بالموضوع-مصطلح موضوعى
مصطلح موضوعي التغير الاجتماعى
650 04 - المدخل الاضافى بالموضوع-مصطلح موضوعى
مصطلح موضوعي الاحوال الريفية
650 04 - المدخل الاضافى بالموضوع-مصطلح موضوعى
مصطلح موضوعي القرويون
942 ## - عناصر المدخل الإضافي( كوها)
مصدر التصنيف او مخطط الترفيف Dewey Decimal Classification
Koha [default] item type كتاب
260 ## - PUBLICATION, DISTRIBUTION, ETC. (IMPRINT)
-- [S.N] :
-- دار التعاون للطبع والنشر ،
Holdings
حالة التراجع حالة الفقد حالة تلف ليس للاعارة المكان المؤقت الموقع الحالى تاريخ الاكتساب اجمالي اﻻعارات رقم الطلب الباركود تاريخ اخر مشاهدة تاريخ تفعيل السعر نوع وعاء كوها
        مكتبة القاهرة الكبرى مكتبة القاهرة الكبرى 03/26/2014   301.35\م ف 86171 03/26/2014 03/26/2014 كتاب
        مكتبة القاهرة الكبرى مكتبة القاهرة الكبرى 03/26/2014   301.35\م ف 86172 03/26/2014 03/26/2014 كتاب

Powered By

EGPV